| Tag |
First Indicator |
Second Indicator |
Subfields |
| LEADER |
00000cam a22000001 4500 |
| 001 |
in00000036563 |
| 005 |
20151007060917.0 |
| 008 |
720121s1959 nyu 00001 eng |
| 010 |
|
|
|a 59011989
|
| 035 |
|
|
|a (OCoLC)00291457
|
| 035 |
|
|
|9 AAD0554AM
|
| 040 |
|
|
|a DLC
|c DLC
|d TXA
|d UtOrBLW
|
| 049 |
|
|
|a TXAM
|c 1 [A01255362], 2 [A11664026]
|
| 050 |
0 |
0 |
|a PS3545.I6245
|b M4 1959
|
| 100 |
1 |
|
|a Wilson, Edmund,
|d 1895-1972.
|
| 245 |
1 |
0 |
|a Memoirs of Hecate County.
|
| 250 |
|
|
|a [New ed.].
|
| 264 |
|
1 |
|a New York :
|b L. C. Page,
|c [1959]
|
| 300 |
|
|
|a 447 pages ;
|c 20 cm.
|
| 336 |
|
|
|a text
|b txt
|2 rdacontent
|
| 337 |
|
|
|a unmediated
|b n
|2 rdamedia
|
| 338 |
|
|
|a volume
|b nc
|2 rdacarrier
|
| 500 |
|
|
|a Short stories.
|
| 999 |
|
|
|a MARS
|
| 999 |
f |
f |
|s d40753ac-a299-3d3c-b460-5af941377bb0
|i 8239bf1e-d5a7-33d4-9c37-5de81e2bb9a3
|t 0
|
| 952 |
f |
f |
|p ric
|a Texas A&M University
|b Rellis Campus
|c Joint Library Facility
|d Remote Storage
|t 0
|e PS3545.I6245 M4 1959
|h Library of Congress classification
|i unmediated -- volume
|m A14801255362
|
| 998 |
f |
f |
|a PS3545.I6245 M4 1959
|t 0
|l Remote Storage
|